Statistics for Indian Independence Struggle

Click here to take the quiz!

General Stats

  • This quiz has been taken 61 times
  • The average score is 7 of 15

Answer Stats

YearHintAnswer% Correct
1757Who ruled in India from 1757 to 1947British
84%
1919Launched Non-Cooperation MovementMahatma Gandhi
79%
1906Foundation of ______ LeagueMuslim
70%
1942Country that is advancing towards in India in World War II due to British RuleJapan
64%
1943Which country handed over Andaman and Nicobar Is. to IndiaJapan
64%
1947India get independence on what date15th August,1947
52%
1930-31First Round table Conference held in which city of BritainLondon
50%
1919Khilafat movement was a result of division of which empireOttoman
46%
1939 and 1942Founded of Forward Bloc and INASubhas Chandra Bose
41%
1947_______ Plan supported division of IndiaMountbatten
32%
1828Founded Brahmo SamajRaja Rammohan Roy
29%
1857First ViceroyLord Canning
16%
1856North Indian Territory, nowadays popularly known as Lucknow annexed on the pretext of Alleged MisruleAwadh
13%
1920 onwardsSwadeshi and _________Boycott
9%
1942_______ Conference invited Subhas Chandra Bose to IndiaBangkok
2%

Score Distribution

Percentile by Number Answered

Percent of People with Each Score

Your Score History

You have not taken this quiz